000 00581nam a2200193Ia 4500
003 IN-BaIIA
008 211028s9999 xx 000 0 eng d
040 _cIIA Library
080 _a083.7:621.882.6-777
_bISI
110 _aIndian Standards Institution
245 0 _aIndian standard identification code for rolling bearings
_cIndian Standards Institution
260 _aNew Delhi
_bIndian Standards Institution
_c1967
300 _a34p.
500 _aIS 2398 : 1967
650 _a Rolling Bearings
_99291
650 _a Standards 
650 _aNASA Thesaurus 
942 _cBK
999 _c5308
_d5308